000 00693nam a2200229 a 4500
001 67585
003 BD-RjUL
005 20211209081655.0
008 170327s1988 nyu 001 0 eng d
020 _a0412013711
035 _a(BD-RjUL)67716
040 _aBD-RjUL
_beng
_cBD-RjUL
_dBD-RjUL
041 _aeng
082 _223
_a519.50285
_bTHE 1988
100 1 _aThisted, Ronald A.
_9200255
245 1 0 _aElements of statistical computing :
_bnumerical computation /
_cRonald A. Thisted
260 _aLondon :
_bChapman and Hall,
_cc1988
300 _axx, 427 p. ;
_c24 cm
504 _aIncludes bibliography
650 0 _aMathematical statistics
_xData processing
_9200256
942 _2ddc
_cBK
999 _c67585
_d67585